000 00340nam a2200157Ia 4500
003 OSt
005 20240123114856.0
008 170524s9999 xx 000 0 und d
020 _a978-1259005077
040 _cIIMT UNIVERSITY
100 _aRao
100 _c2008
245 0 _aCOUNSELLING AND GUIDANCE
260 _aTMH
942 _2ddc
_c02
999 _c2351
_d2351